Guidelines for freelance contributions to Texas parks & wildlife magazine.

Bibliographic Details
Corporate Author: Texas. Parks and Wildlife Department
Format: Government Document Serial
Language:English
Published: [Austin, Tex.] : [Texas Parks and Wildlife Dept]
Subjects:

MARC

Tag First Indicator Second Indicator Subfields
LEADER 00000cas a2200000 a 4500
001 in00001071321
005 20150929100003.0
008 890525c19uu9999txuar s0uuu 0eng d
035 |a (OCoLC)19764220 
035 |9 AFN7457AM 
040 |a IKM  |c IKM  |d UtOrBLW 
049 |a IKMD 
086 |a P400.5 G941f  |2 txdocs 
099 9 |a P400.5  |a G941f 
110 1 |a Texas.  |b Parks and Wildlife Department. 
245 1 0 |a Guidelines for freelance contributions to Texas parks & wildlife magazine. 
264 1 |a [Austin, Tex.] :  |b [Texas Parks and Wildlife Dept] 
300 |a volumes ;  |c 28 cm. 
310 |a Annual 
336 |a text  |b txt  |2 rdacontent 
337 |a unmediated  |b n  |2 rdamedia 
338 |a volume  |b nc  |2 rdacarrier 
500 |a Caption title. 
500 |a Description based on: 1989. 
630 0 0 |a Texas parks & wildlife. 
999 |a MARS 
999 f f |s 46312f2c-27e8-3439-b677-f20001df95ea  |i 107779ab-f4d2-342a-9753-ddd24c43a4e6  |t 0 
952 f f |p normal  |a Texas A&M University  |b College Station  |c Sterling C. Evans Library  |d Evans: Texas Documents (Annex 5th floor)  |t 0  |e P400.5 G941f  |h Superintendent of Documents classification  |i unmediated -- volume  |l 1989  |m A14818588297 
998 f f |a P400.5 G941f  |t 0  |l Evans: Texas Documents (Annex 5th floor)